Teorija neantagonističeskich igr

Guardado en:
Detalles Bibliográficos
Autores principales: Kukuškin, Nikolaj S. (Autor), Morozov, Vladimir V (Autor)
Formato: Libro
Lenguaje:ruso
Publicado: Moskva : Izdateľstvo Moskovskogo universiteta, 1984
Etiquetas: Agregar Etiqueta
Sin Etiquetas, Sea el primero en etiquetar este registro!

MARC

LEADER 00000nam a22000003a 4500
001 stu126635
005 20150617225902.7
008 060920s1984----xxr-----------------rus-d
040 |a STU  |b slo 
041 0 |a rus 
044 |a xxr 
080 |a 519.83 
100 1 |a Kukuškin, Nikolaj S.  |4 aut 
245 1 |a Teorija neantagonističeskich igr 
260 |a Moskva :  |b Izdateľstvo Moskovskogo universiteta,  |c 1984 
300 |a 103 s 
700 1 |a Morozov, Vladimir V  |4 aut 
996 |b E56933  |c E*56933  |l EE03  |s P  |a 0  |w stu126635_0001